000 nam a22 7a 4500
999 _c10069
_d10069
008 180212b ||||| |||| 00| 0 eng d
100 _aJain,D.
_93488
245 _aHow to Play Hockey
260 _aNew Delhi
_bPrerna
_c2012